All James Taylor Songs - Statistics

General Stats
  • This quiz has been taken 42 times
    40 since last reset
  • The average score is 38 of 249
Answer Stats
Album Song % Correct
Sweet Baby James Fire and Rain
90%
Sweet Baby James Sweet Baby James
90%
James Taylor Carolina in My Mind
74%
Gorilla How Sweet It Is (To Be Loved by You)
65%
Gorilla Mexico
65%
In the Pocket Shower the People
65%
Mud Slide Slim and the Blue Horizon You've Got a Friend
65%
Walking Man Walking Man
61%
New Moon Shine Copperline
55%
Gorilla Gorilla
52%
JT Handy Man
52%
Sweet Baby James Steamroller Blues
48%
Flag Up on the Roof
48%
Sweet Baby James Country Road
45%
Never Die Young Never Die Young
42%
October Road October Road
39%
JT Your Smiling Face
39%
Dad Loves His Work Her Town Too
35%
October Road September Grass
35%
That's Why I'm Here That's Why I'm Here
35%
October Road | One Man Dog Don't Let Me Be Lonely Tonight
32%
October Road Have Yourself a Merry Little Christmas
32%
James Taylor Something in the Way She Moves
32%
Mud Slide Slim and the Blue Horizon You Can Close Your Eyes
32%
New Moon Shine (I've Got to) Stop Thinkin' 'Bout That
29%
Flag Millworker
29%
Mud Slide Slim and the Blue Horizon Mud Slide Slim
29%
Flag | James Taylor Rainy Day Man
29%
JT Secret O' Life
29%
Hourglass Line 'Em Up
26%
That's Why I'm Here Only a Dream in Rio
26%
New Moon Shine Slap Leather
26%
New Moon Shine The Frozen Man
26%
JT Traffic Jam
26%
In the Pocket A Junkie's Lament
23%
JT Bartender's Blues
23%
Mud Slide Slim and the Blue Horizon Machine Gun Kelly
23%
Sweet Baby James Oh, Susanna
23%
JT Terra Nova
23%
Walking Man The Promised Land
23%
Sweet Baby James Blossom
19%
Flag B.S.U.R. (S.U.C.S.I.M.I.M.)
19%
October Road Caroline I See You
19%
That's Why I'm Here Everyday
19%
Covers It's Growing
19%
Gorilla Lighthouse
19%
Hourglass Little More Time with You
19%
New Moon Shine Oh, Brother
19%
JT There We Are
19%
Gorilla Wandering
19%
Before This World | October Road Whenever You're Ready
19%
A Christmas Album Baby, It's Cold Outside
16%
October Road Belfast to Boston
16%
JT Honey Don't Leave L.A.
16%
JT If I Keep My Heart Out of Sight
16%
JT Looking for Love on Broadway
16%
Gorilla Music
16%
October Road My Traveling Star
16%
That's Why I'm Here Only One
16%
Gorilla Sarah Maria
16%
Never Die Young Sun on the Moon
16%
Dad Loves His Work That Lonesome Road
16%
Gorilla You Make It Easy
16%
Hourglass Another Day
13%
JT Another Grey Morning
13%
A Christmas Album Auld Lang Syne
13%
October Road Baby Buffalo
13%
Before This World Before This World / Jolly Springtime
13%
One Man Dog Chili Dog
13%
Flag Company Man
13%
In the Pocket Daddy's All Gone
13%
Flag Day Tripper
13%
Hourglass Enough to Be on Your Way
13%
Hourglass Gaia
13%
That's Why I'm Here Going Around One More Time
13%
A Christmas Album Go Tell It on the Mountain
13%
Hourglass Hangnail
13%
Mud Slide Slim and the Blue Horizon Hey Mister, That's Me up on the Jukebox
13%
Mud Slide Slim and the Blue Horizon Highway Song
13%
JT I Was Only Telling a Lie
13%
Dad Loves His Work I Will Follow
13%
A Christmas Album Jingle Bells
13%
Hourglass Jump Up Behind Me
13%
Sweet Baby James Lo and Behold
13%
Dad Loves His Work London Town
13%
Mud Slide Slim and the Blue Horizon Long Ago and Far Away
13%
Gorilla Love Songs
13%
Walking Man Me and My Guitar
13%
October Road Mean Old Man
13%
Before This World Montana
13%
One Man Dog New Tune
13%
October Road On the 4th of July
13%
Mud Slide Slim and the Blue Horizon Riding on a Railroad
13%
James Taylor at Christmas River
13%
New Moon Shine Shed a Little Light
13%
Before This World Stretch of the Highway
13%
Dad Loves His Work Summer's Here
13%
A Christmas Album The Christmas Song (Chestnuts Roasting on an Open Fire)
13%
Before This World Today Today Today
13%
Hourglass Walking My Baby Back Home
13%
A Christmas Album Winter Wonderland
13%
Hourglass Yellow and Rose
13%
Walking Man Ain't No Song
10%
Hourglass Ananas
10%
Before This World Angels of Fenway
10%
Gorilla Angry Blues
10%
Sweet Baby James Anywhere Like Heaven
10%
Never Die Young Baby Boom Baby
10%
October Road Benjamin
10%
Hourglass Boatman
10%
Flag Brother Trucker
10%
In the Pocket Captain Jim's Drunken Dream
10%
October Road Carry Me on My Way
10%
Flag Chanson Française
10%
One Man Dog Dance
10%
In the Pocket Don't Be Sad 'Cause Your Sun Is Down
10%
James Taylor Don't Talk Now
10%
In the Pocket Everybody Has the Blues
10%
Before This World Far Afghanistan
10%
Never Die Young First of May
10%
Dad Loves His Work Hard Times
10%
Walking Man Hello Old Friend
10%
Covers Hound Dog
10%
A Christmas Album In the Bleak Midwinter
10%
Mud Slide Slim and the Blue Horizon Isn't It Nice to Be Home Again
10%
Flag Is That the Way You Look?
10%
Gorilla I Was a Fool to Care
10%
Flag I Will Not Lie for You
10%
Flag Johnnie Comes Back
10%
Covers Knock on Wood
10%
Walking Man Let It All Fall Down
10%
Mud Slide Slim and the Blue Horizon Let Me Ride
10%
Mud Slide Slim and the Blue Horizon Love Has Brought Me Around
10%
That's Why I'm Here Mona
10%
American Standard Moon River
10%
Covers Not Fade Away
10%
Sweet Baby James Oh Baby, Don't You Loose Your Lip on Me
10%
Mud Slide Slim and the Blue Horizon Places in My Past
10%
October Road Raised Up Family
10%
Walking Man Rock 'n' Roll Is Music Now
10%
October Road Sailing to Philadelphia
10%
A Christmas Album Santa Claus Is Comin' to Town
10%
Flag Sleep Come Free Me
10%
Before This World SnowTime
10%
Mud Slide Slim and the Blue Horizon Soldiers
10%
A Christmas Album Some Children See Him
10%
That's Why I'm Here Song for You Far Away
10%
Sweet Baby James Suite for 20 G
10%
Covers Summertime Blues
10%
Sweet Baby James Sunny Skies
10%
Never Die Young T-Bone
10%
American Standard Teach Me Tonight
10%
That's Why I'm Here (The Man Who Shot) Liberty Valance
10%
New Moon Shine The Water Is Wide
10%
That's Why I'm Here Turn Away
10%
Hourglass Up from Your Life
10%
Never Die Young Valentine's Day
10%
Other Covers Wasn't That a Mighty Storm?
10%
Before This World Watchin' Over Me
10%
A Christmas Album Who Comes This Night
10%
Covers Wichita Lineman
10%
Before This World Wild Mountain Thyme
10%
In the Pocket Woman's Gotta Have It
10%
Before This World You and I Again
10%
Before This World 6/4 Shuffle
6%
Before This World 9lb Hammer
6%
American Standard Almost Like Being in Love
6%
American Standard As Easy as Rolling Off a Log
6%
One Man Dog Back on the Street Again
6%
Dad Loves His Work Believe It or Not
6%
James Taylor Blues Is Just a Bad Dream
6%
James Taylor Brighten Your Night With My Day
6%
James Taylor Circle Round the Sun
6%
Walking Man Daddy's Baby
6%
A Christmas Album Deck the Halls
6%
Before This World Diamond Joe
6%
New Moon Shine Down in the Hole
6%
New Moon Shine Everybody Loves to Cha Cha Cha
6%
Walking Man Fading Away
6%
In the Pocket Family Man
6%
One Man Dog Fanfare
6%
One Man Dog Fool for You
6%
Covers Get a Job
6%
American Standard God Bless the Child
6%
In the Pocket Golden Moments
6%
Never Die Young Home by Another Way
6%
Dad Loves His Work Hour That the Morning Comes
6%
One Man Dog Hymn
6%
Before This World I Can't Help It (If I'm Still In Love With You)
6%
Covers (I'm a) Road Runner
6%
One Man Dog Instrumental I
6%
One Man Dog Instrumental II
6%
Covers In the Midnight Hour
6%
American Standard It's Only a Paper Moon
6%
American Standard I've Grown Accustomed to Her Face
6%
One Man Dog Jig
6%
Before This World Joshua Gone Barbados
6%
James Taylor Knocking 'Round the Zoo
6%
Never Die Young Letter in the Mail
6%
New Moon Shine Like Everyone She Knows
6%
That's Why I'm Here Limousine Driver
6%
One Man Dog Little David
6%
Other Covers Memphis
6%
One Man Dog Mescalito
6%
Walking Man Migration
6%
In the Pocket Money Machine
6%
American Standard My Blue Heaven
6%
American Standard My Heart Stood Still
6%
That's Why I'm Here My Romance
6%
New Moon Shine Native Son
6%
American Standard Never Never Land
6%
James Taylor Night Owl
6%
One Man Dog Nobody But You
6%
In the Pocket Nothing Like a Hundred Miles
6%
Covers Oh, What a Beautiful Mornin'
6%
American Standard Ol' Man River
6%
Covers On Broadway
6%
One Man Dog One Man Parade
6%
New Moon Shine One More Go Round
6%
One Man Dog One Morning in May
6%
Dad Loves His Work Only for Me
6%
American Standard Pennies from Heaven
6%
Before This World Pretty Boy Floyd
6%
Never Die Young Runaway Boy
6%
Covers Sadie
6%
Covers Seminole Wind
6%
Other Covers Shiver Me Timbers
6%
Before This World ShowTimeLine
6%
American Standard Sit Down, You're Rockin' the Boat
6%
In the Pocket Slow Burning Love
6%
Covers Some Days You Gotta Dance
6%
One Man Dog Someone
6%
James Taylor Something's Wrong
6%
Dad Loves His Work Stand and Fight
6%
Dad Loves His Work Sugar Trade
6%
James Taylor Sunshine Sunshine
6%
Covers Suzanne
6%
Never Die Young Sweet Potato Pie
6%
James Taylor Taking It In
6%
That's Why I'm Here That's Why I'm Here (Reprise)
6%
American Standard The Nearness of You
6%
American Standard The Surrey with the Fringe on Top
6%
Hourglass Up Er Mei
6%
Covers Why Baby Why
6%
One Man Dog Woh, Don't You Know
6%
American Standard You've Got to Be Carefully Taught
6%
No matching quizzes found
Score Distribution
Percent of People with Each Score
Percentile by Number Answered
Your Score History
You have not taken this quiz since the last reset